[Event "1st Goa GM Open 2018"]
[Site "Taleigao"]
[Date "2018.10.18"]
[Round "8"]
[White "Sahoo, Utkal Ranjan"]
[Black "Kiran, Panditrao"]
[Result "1/2-1/2"]
[WhiteElo "2332"]
[BlackElo "1999"]
[Annotator "TA"]
[PlyCount "108"]
[EventDate "2018.10.13"]
[EventType "swiss"]
[EventCountry "IND"]
[SourceTitle "playchess.com"]
[Source "ChessBase"]
[SourceQuality "1"]

{[%evp 17,108,58,61,52,54,33,41,25,32,16,16,12,28,-36,-31,-48,-44,-50,0,0,0,0,29,34,37,11,10,0,0,-18,-23,-26,-22,-32,-16,-27,-20,-38,-16,-16,0,-2,-3,-31,-8,-8,0,-8,-8,-8,-8,-7,0,0,-4,-7,0,0,158,130,195,0,8,1,8,1,1,1,122,-10,-12,-34,0,-1,0,-43,0,0,0,0,0,-20,0,0,0,0,0,-32,-21,-21,0,0,29991]} 1. c4 c5 2. Nc3 b6 3. Nf3 Bb7 4. e3 e6 5. d4 cxd4 6. exd4 d6 7. Bd3 Nf6 8. O-O Be7 9. Re1 Nbd7 {LiveBook: 7 Games. E14: Queen's Indian: Classical Variation (4 e3)} (9... O-O 10. d5 e5 11. a3 Nbd7 12. b4 Re8 13. Bb2 Bf8 14. Nd2 g6 15. Bc2 a6 16. Ba4 Rc8 17. Qf3 {1-0 (47) Bauer,C (2627)-Haria,R (2445) England 2016}) 10. Bf4 a6 11. Qe2 O-O {White is slightly better.} 12. Rad1 Re8 13. Bc2 $146 ({Predecessor:} 13. h3 Rc8 14. b4 g6 15. Bh2 Bf8 16. Ng5 e5 {0-1 (41) Megias Chafer,A (2113)-Kovacevic,S (2279) Xativa 2018}) 13... Bf8 14. Qd3 Rc8 15. b3 (15. Bb3 $11) 15... g6 $15 16. h3 d5 17. Ne5 dxc4 18. bxc4 Nxe5 19. Bxe5 Bg7 20. Bb3 Qd7 21. d5 (21. f3 {keeps more tension.} Qe7 22. d5 exd5 23. Nxd5 Bxd5 24. cxd5 Qc5+ 25. Bd4) 21... exd5 22. Bxf6 Bxf6 23. Nxd5 Rxe1+ 24. Rxe1 Kg7 25. Rd1 Qc6 26. Qf3 Rd8 27. Bc2 {[%cal Bb3c2,Bc2e4,Be4d5][%mdl 32]} Qe6 28. Be4 Bxd5 29. Bxd5 Qe5 30. Qa3 a5 31. Qb3 Qc7 32. Qe3 Rd7 33. g3 Re7 34. Qf3 Qc5 35. Kg2 Qb4 36. Rd3 Qb2 37. Rb3 $36 {[%mdl 2048] White is more active.} Qxa2 $2 (37... Qd4 $11) 38. c5 $1 $16 {Threatens to win with Qxf6+!} ({And not} 38. Rxb6 Bd4 $11) 38... bxc5 {[#]} (38... Qd2 $16) 39. Rb7 $2 (39. Qxf6+ $1 $18 {[%mdl 512]} Kxf6 40. Rf3+ Ke5 41. Bxa2) 39... Qd2 $11 40. Rxe7 Bxe7 41. Qxf7+ Kh6 42. h4 Qd4 (42... c4 $11 {remains equal.}) 43. f4 (43. Qxe7 $16 {Bf3 would kill now.} Qxd5+ 44. f3 Qa2+ 45. Kh3) 43... Qf6 44. Qg8 Qf8 45. Qe6 Qf6 46. Qc8 Qf5 47. Qb7 Qc2+ 48. Kh3 Qf5+ 49. Kh2 Qc2+ 50. Kh3 Qf5+ 51. Kg2 Qc2+ 52. Kh1 Qd1+ 53. Kh2 Qc2+ 54. Kh3 Qd2 $2 {[%mdl 40960] Precision: White = 45%, Black = 45%. . An unexpected result.} (54... Qe2 $11) 1/2-1/2

[Event "1st Goa GM Open 2018"]
[Site "Taleigao"]
[Date "2018.10.18"]
[Round "8"]
[White "Sahoo, Utkal Ranjan"]
[Black "Kiran, Panditrao"]
[Result "*"]
[WhiteElo "2332"]
[BlackElo "1999"]
[Annotator "TA"]
[PlyCount "31"]
[EventDate "2018.10.13"]
[EventType "swiss"]
[EventCountry "IND"]
[SourceTitle "playchess.com"]
[Source "ChessBase"]
[SourceQuality "1"]

{[%evp 8,8,30]} 1. c4 c5 2. Nc3 b6 3. Nf3 Bb7 4. e3 e6 {Predecessor:} 5. d4 $146 cxd4 6. exd4 Bb4 7. Bd3 Nf6 8. O-O h6 9. d5 O-O 10. Nd4 Bxc3 11. bxc3 Na6 12. Qf3 Nc5 13. Bc2 Ba6 14. Re1 Bxc4 15. Bxh6 gxh6 16. Qf4 {0-1 (38) Popilski,G (2503)-Brunello,S (2593) Yerevan 2014} *

[Event "1st Goa GM Open 2018"]
[Site "Taleigao"]
[Date "2018.10.18"]
[Round "8"]
[White "Jubin Jimmy"]
[Black "Predke, Alexandr"]
[Result "1/2-1/2"]
[WhiteElo "2308"]
[BlackElo "2615"]
[Annotator "TA"]
[PlyCount "90"]
[EventDate "2018.10.13"]
[EventType "swiss"]
[EventCountry "IND"]
[SourceTitle "playchess.com"]
[Source "ChessBase"]
[SourceQuality "1"]

{[%evp 22,90,22,0,36,4,21,17,14,13,24,-14,25,25,40,39,93,86,98,70,84,82,75,75,110,86,117,41,46,52,54,40,41,35,54,41,45,33,39,24,44,0,68,23,45,0,53,0,0,0,0,0,17,0,0,0,0,0,0,0,0,0,10,0,3,0,0,0,0,0,33]} 1. d4 Nf6 2. c4 e6 3. Nc3 Bb4 4. Qc2 O-O 5. a3 Bxc3+ 6. Qxc3 b6 7. Bg5 Bb7 8. e3 d6 {E32: Nimzo-Indian: Classical (4 Qc2): 4...0-0} 9. Rd1 (9. f3 Nbd7 10. Bd3 Rc8 11. Nh3 h6 12. Bh4 c5 13. O-O d5 14. dxc5 Nxc5 15. Bc2 Ncd7 16. b3 b5 17. Qb2 bxc4 18. bxc4 {1-0 (56) Nakamura,H (2780)-Topalov,V (2749) Saint Louis 2017}) 9... Nbd7 10. Ne2 Rc8 11. Qc2 c5 12. Nc3 {LiveBook: 29 Games} a6 13. f3 Re8 $146 ({Predecessor:} 13... Qe7 14. Be2 cxd4 15. Rxd4 h6 16. Bh4 {½-½ (64) Jelinek,M (2056)-Slovak,K (2143) Kouty nad Desnou 2017}) 14. dxc5 Rxc5 15. Bh4 Ne5 16. Bg3 {Threatens to win with Na4.} Qe7 17. Be2 Rec8 18. O-O Nh5 (18... Nxc4 $14 19. Bxc4 Rxc4) 19. Bxe5 $1 $16 dxe5 20. Qb3 Qc7 21. Rd2 Nf6 22. e4 Rc6 23. Rfd1 h6 24. Qb4 (24. Na4 $16) 24... a5 $14 25. Qb3 Ba6 {[%cal Ra6c4]} 26. Nb5 Qe7 27. Kh1 Bxb5 28. Qxb5 Qc7 29. Bf1 g5 30. Be2 Kg7 31. Bf1 h5 ({Better is} 31... Kg8 $11) 32. Be2 h4 33. Bf1 Rh8 ({Black should try} 33... Kg6 $11) 34. h3 (34. Qa4 $14) 34... Re8 $11 {The position is equal.} 35. Kh2 Re7 36. b4 Nh5 37. Rd6 (37. Rc2 {feels hotter.} Rd7 38. Rdc1 axb4 39. axb4 Ng3 40. c5) 37... Rxd6 38. Qxe5+ Kg6 39. Qxd6 Qxd6+ 40. Rxd6 axb4 41. axb4 {KRB-KRN} Ra7 {[#] ...Ra1 is the strong threat.} 42. Rd1 ({Reject} 42. Rxb6 Ng3 $17) 42... Kf6 43. c5 bxc5 44. bxc5 Rc7 45. Rc1 Ke5 {Precision: White = 40%, Black = 58%.} 1/2-1/2

[Event "1st Goa GM Open 2018"]
[Site "Taleigao"]
[Date "2018.10.18"]
[Round "8"]
[White "Raahul V S"]
[Black "Bakunts, Rafael"]
[Result "*"]
[WhiteElo "2294"]
[BlackElo "2427"]
[Annotator "TA"]
[PlyCount "33"]
[EventDate "2018.10.13"]
[EventType "swiss"]
[EventCountry "IND"]
[SourceTitle "playchess.com"]
[Source "ChessBase"]
[SourceQuality "1"]

{[%evp 9,10,8,14]} 1. c4 Nf6 2. Nc3 e5 3. g3 d5 4. cxd5 Nxd5 5. Bg2 Nb6 {LiveBook: 2980 Games} {Predecessor:} 6. Nf3 $146 Nc6 7. O-O Be7 8. a3 Be6 9. b4 Nd4 10. Rb1 Nxf3+ 11. Bxf3 c6 12. d3 O-O 13. Bb2 f5 14. Na4 Nd7 15. Qc2 Qc7 16. Nc5 Nxc5 17. bxc5 {½-½ (40) Ding,L (2797)-Topalov,V (2747) Wenzhou 2018} *

[Event "1st Goa GM Open 2018"]
[Site "Taleigao"]
[Date "2018.10.18"]
[Round "8"]
[White "Raahul V S"]
[Black "Bakunts, Rafael"]
[Result "1-0"]
[WhiteElo "2294"]
[BlackElo "2427"]
[Annotator "TA"]
[PlyCount "85"]
[EventDate "2018.10.13"]
[EventType "swiss"]
[EventCountry "IND"]
[SourceTitle "playchess.com"]
[Source "ChessBase"]
[SourceQuality "1"]

{[%evp 23,85,51,57,37,43,50,72,61,99,99,99,101,86,71,69,68,95,58,82,63,64,72,108,107,101,86,95,84,130,129,142,144,152,143,147,141,195,129,715,694,717,710,816,402,377,393,390,387,478,478,464,477,458,463,499,497,503,393,429,429,421,364,439,408]} 1. c4 Nf6 2. Nc3 e5 3. g3 d5 4. cxd5 Nxd5 5. Bg2 Nb6 6. Nf3 Nc6 7. O-O Be7 8. Rb1 O-O 9. b4 Bf5 {A29: English Opening: Four Knights Variation with 4 g3} 10. d3 Nd4 11. b5 Nxf3+ (11... Bf6 12. Nd2 c6 13. bxc6 Nxc6 14. Nde4 Be7 15. Be3 Nd4 16. a4 Be6 17. a5 {½-½ (74) Kovalyov,A (2644)-Drozdowski,K (2489) Irving 2018}) 12. Bxf3 Rb8 {LiveBook: 3 Games} 13. Be3 {[#]} Be6 $146 ({Predecessor:} 13... Bh3 14. Re1 f5 15. Qb3+ Kh8 16. Na4 Bd6 17. Rec1 {½-½ (27) De Carlos Arregui,I (2382)-De Cresce,S (2526) ICCF email 2002}) 14. a4 {[%cal Ba2a4,Ba4a5][%mdl 32]} Qd7 15. a5 Nd5 16. Bxd5 Bxd5 17. Nxd5 Qxd5 18. Qc2 Rfc8 19. Rfc1 h5 20. Bxa7 Ra8 21. Bc5 {[%cal Ba7c5,Bc5b4,Bb4c3][%mdl 32]} Bg5 22. Qc4 $36 {[%mdl 2048] White is in control.} Qd7 23. Rc2 {And now a6 would win.} b6 24. Bb4 {Hoping for a6.} bxa5 25. Bc3 Bf6 26. Ra2 a4 27. Rxa4 Rxa4 28. Qxa4 Rb8 29. Qc4 h4 (29... Rb6 $16 30. Qc5 Be7 31. Qxe5 Bf6) 30. Qc5 (30. gxh4 $18 Rb6 31. Ba5) 30... Qf5 $2 {[%mdl 8192]} (30... Qd6 $16 31. Qxd6 cxd6 32. gxh4 Bxh4) 31. Qxc7 $18 Rc8 32. b6 Kh7 33. Qxc8 (33. Qxf7 $142 Rb8 34. b7) 33... Qxc8 34. b7 Qb8 35. Ba5 h3 {[#]} 36. Bc7 $1 {[%mdl 512]} Qxc7 37. b8=Q {[%mdl 4096] Endgame KQR-KQB} Qc2 38. Qb2 Qc6 {[%csl Gh3][%cal Rc6g2]} 39. Qb7 Qc2 40. Qe4+ g6 {[%cal Rc2b1] [#]} 41. Rf1 Kg7 42. f4 Qb2 43. Kh1 {Precision: White = 67%, Black = 32%.} 1-0

[Event "1st Goa GM Open 2018"]
[Site "Taleigao"]
[Date "2018.10.18"]
[Round "8"]
[White "Patil, Pratik"]
[Black "Ter-Sahakyan, Samvel"]
[Result "0-1"]
[WhiteElo "2280"]
[BlackElo "2547"]
[Annotator "TA"]
[PlyCount "46"]
[EventDate "2018.10.13"]
[EventType "swiss"]
[EventCountry "IND"]
[SourceTitle "playchess.com"]
[Source "ChessBase"]
[SourceQuality "1"]

{[%evp 13,46,0,0,-1,3,0,8,-1,8,14,23,-18,0,0,0,-38,-43,-32,-39,-70,-71,-70,-66,-169,-108,-125,-125,-275,-220,-261,-268,-257,-251,-548,-536]} 1. e4 e5 2. Nf3 Nc6 3. Bc4 {[%cal Bf1c4,Bc4b3,Bb3c2][%mdl 32]} Bc5 4. c3 Nf6 5. d3 a5 6. Bb3 {C54: Giuoco Piano: 4 c3 Nf6, main lines with 5 d4 and 5 d3} d6 7. Nbd2 O-O {LiveBook: 7 Games} 8. Nf1 {The position is equal.} h6 (8... Be6 9. Ng3 h6 10. O-O Bxb3 11. axb3 d5 12. Qe2 Re8 13. Bd2 Bf8 14. Rfd1 {0-1 (96) Mamedov,R (2699)-Shankland,S (2722) Batumi 2018}) 9. Ng3 b5 10. O-O $146 ({Predecessor:} 10. a4 b4 11. O-O Be6 12. Bxe6 fxe6 13. d4 Bb6 14. h3 bxc3 15. bxc3 exd4 16. cxd4 {½-½ (32) Orci,I (2220)-Gnilka,T (2279) ICCF email 2016}) 10... a4 11. Bc2 $1 Bb6 12. Be3 Rb8 {[%cal Ba8b8,Bb8b6,Bb6c6][%mdl 32]} 13. Qe2 Re8 14. Nd2 d5 $36 {[%mdl 2048] [#] White must now prevent ...d4. Black has good play.} 15. Bxb6 Rxb6 16. f4 {next fxe5 is good for White.} d4 {Threatens to win with ...exf4.} 17. fxe5 Nxe5 18. Nf5 (18. Nf3 $15) 18... c5 ({Black should play} 18... dxc3 $19 19. bxc3 Bxf5 20. Rxf5 Rd6 21. Rxe5 Rxe5) 19. cxd4 $17 cxd4 20. b3 (20. h3 $17) 20... Rc6 21. Nf3 Nxf3+ 22. Rxf3 Ng4 23. bxa4 $2 {[#]} (23. Bd1 Qc7 24. Ng3) 23... Qc7 {Precision: White = 30%, Black = 63%.} 0-1

[Event "1st Goa GM Open 2018"]
[Site "Taleigao"]
[Date "2018.10.18"]
[Round "8"]
[White "Patil, Pratik"]
[Black "Ter-Sahakyan, Samvel"]
[Result "*"]
[WhiteElo "2280"]
[BlackElo "2547"]
[Annotator "TA"]
[PlyCount "33"]
[EventDate "2018.10.13"]
[EventType "swiss"]
[EventCountry "IND"]
[SourceTitle "playchess.com"]
[Source "ChessBase"]
[SourceQuality "1"]

{[%evp 9,12,14,19,6,3]} 1. e4 e5 2. Nf3 Nc6 3. Bc4 Bc5 4. c3 Nf6 5. d3 a5 {LiveBook: 13 Games} 6. Bb3 {C54: Giuoco Piano: 4 c3 Nf6, main lines with 5 d4 and 5 d3} (6. O-O d6 7. Re1 O-O 8. h3 h6 9. Nbd2 Be6 10. Bb5 Qb8 11. Nf1 Qa7 12. Re2 a4 13. Ng3 Bb6 14. Bxc6 bxc6 {½-½ (34) Cheparinov,I (2693)-Hovhannisyan,R (2601) Batumi 2018}) 6... d6 {Predecessor:} 7. h3 $146 O-O 8. Nbd2 Be6 9. Nf1 Bxb3 10. axb3 Nd7 11. Ng3 Ne7 12. Nh4 d5 13. Qg4 Nf6 14. Qf3 Ne8 15. Qg4 Nf6 16. Qf3 Ne8 17. Qg4 {½-½ (17) Russo,L (1910)-Faccia,S (2012) Verona 2017} *

[Event "1st Goa GM Open 2018"]
[Site "Taleigao"]
[Date "2018.10.18"]
[Round "8"]
[White "Deshmukh, Anup"]
[Black "Rahman, Ziaur"]
[Result "1-0"]
[WhiteElo "2267"]
[BlackElo "2473"]
[Annotator "TA"]
[PlyCount "141"]
[EventDate "2018.10.13"]
[EventType "swiss"]
[EventCountry "IND"]
[SourceTitle "playchess.com"]
[Source "ChessBase"]
[SourceQuality "1"]

{[%evp 23,141,-15,0,0,7,-15,-18,-22,-23,-23,-12,-12,-17,-8,0,-20,-25,-12,-8,-18,0,-23,-16,-45,-24,-58,-70,-68,-75,-88,-65,-122,-89,-87,-14,-14,-24,-73,-66,-67,-62,-102,-97,-86,-14,-73,-68,-118,-105,-97,-92,-82,-110,-99,-83,-98,-91,-128,-121,-190,-120,-131,0,-172,-139,-208,-139,-136,-139,-139,-139,-139,-139,-139,-139,-139,-139,-127,-124,-391,-161,-239,-235,-227,0,0,0,0,0,-218,-220,-252,-225,-282,-225,-202,0,0,12,0,0,0,0,0,0,0,0,0,0,0,0,0,0,-49,0,-8,0,0,29998,29999]} 1. c4 e6 2. Nf3 d5 3. d4 Nf6 4. Bg5 h6 5. Bxf6 Qxf6 6. Nc3 c6 7. e3 Nd7 8. cxd5 exd5 9. Bd3 Bd6 10. O-O O-O 11. e4 dxe4 12. Nxe4 Qe7 13. Re1 {D43: Semi-Slav: 5 Bg5 h6} Nf6 14. Nxd6 (14. Ng3 Qc7 15. Bc2 Bg4 16. Qd3 Bxf3 17. Qxf3 Bxg3 18. hxg3 Rfe8 19. Bb3 Qa5 20. Qc3 Qxc3 21. bxc3 {½-½ (50) Cruz,F (2416)-Alsina Leal,D (2517) Sabadell 2008}) 14... Qxd6 15. h3 {The position is equal.} Be6 16. Qc2 Rfd8 $146 ({Predecessor:} 16... Rad8 17. Bc4 Bd5 18. Bxd5 Nxd5 {½-½ (37) Razuvajeva,J (2182)-Skachkov,M Samara 2002}) 17. Rad1 {[%cal Ba1d1,Bd1d3,Bd3g3][%mdl 32]} a5 18. a3 a4 19. Bc4 Bxc4 20. Qxc4 Nd5 21. Ne5 Qc7 22. Rd3 Re8 23. Qc1 Re6 24. Rg3 Rae8 25. Rd1 f6 26. Nd3 R6e7 27. Kh2 (27. Rf3 $15) 27... h5 28. Kg1 Kh8 (28... Qd6 $17) 29. Rf1 $11 Re2 30. Rf3 R2e4 31. Qc4 Qa5 32. Rf5 g6 33. Rf3 Qb5 (33... Kg7 $17 34. Qc5 Qa6) 34. Qc1 (34. b3 $11) 34... Kg7 35. Nf4 Nxf4 36. Rxf4 Qd5 37. Rd1 Re2 $36 {[%mdl 2048] White is under strong pressure.} 38. Rf3 R8e4 39. Qc3 g5 40. Qb4 b5 41. Qa5 (41. Qc3 $17) 41... Kg6 (41... Qd6 $19 42. Qc3 c5 $1 {[%mdl 512]}) 42. Qc3 $17 Kg7 ({Black should try} 42... g4 $17 43. Rg3 Kf7 44. hxg4 hxg4) 43. Rc1 $2 (43. Qa5 $11 {and White is okay.}) 43... Rxd4 44. Qxc6 Rd1+ 45. Kh2 Qe5+ 46. g3 Rxc1 47. Qxc1 {[%mdl 4096] Endgame KQR-KQR} h4 {And now ...hxg3+ would win.} ({But not} 47... Qxb2 48. Qc7+ Kg6 49. Kg2 $11) 48. Kg2 hxg3 49. Rxg3 Rxb2 50. Qc6 Rb3 {...Rxg3+ is the strong threat.} 51. Rg4 $2 {[%mdl 8192]} (51. Qd7+ $17 {was worth a try.} Kh6 52. Qf7) 51... Qf5 (51... Rxa3 $142 52. Qd7+ Kg6) 52. Qb7+ (52. Rg3 {is a better defense.}) 52... Kh6 $19 53. Qa8 Kh7 $2 (53... Qe6 $19 {Strongly threatening ...Kg7.} 54. Rg3 Kg7 55. Qa7+ Kg6) 54. Qb7+ $11 Kg6 55. Qc6 $1 Kh6 $2 (55... Qe5 $11 56. Re4 Rc3) 56. Qa8 $19 Qe6 57. Kg1 Rc3 58. Re4 Rc1+ ({Weaker is} 58... Qxh3 59. Qf8+ Kg6 60. Qe8+ Kh6 61. Qf8+ Kg6 62. Qg8+ Kh6 63. Qf8+ $11) 59. Kg2 {[#] Qh8+ would kill now.} Qd7 $2 (59... Qc8 $1 $19 {[%cal Rc8a8]} 60. Qd5 Qc6 61. Qxc6 Rxc6) 60. Qf8+ $11 Qg7 61. Qd6 Kg6 {White must now prevent ...Qb7.} 62. Re7 Qg8 {Hoping for ...Qc4.} 63. Qd3+ Kh6 64. Qf3 Qf8 65. Qe4 {[%csl Ge4][%cal Re7h7]} Qh8 66. h4 {White wants to mate with hxg5+.} Qg8 67. h5 {Threatens to win with Re6.} Rc4 68. Qd3 Rf4 69. Rb7 b4 {[#]} 70. Rb8 $1 {[%mdl 512]} Qg7 $2 {[%mdl 8192] [#]} (70... Rg4+ $11 71. Kh1 Rd4 72. Qxd4 Qxb8 73. Qxf6+ Kxh5 74. Qf7+ Kh6) (70... Qxb8 71. Qg6#) 71. Rh8+ $1 {[%mdl 512] Precision: White = 49%, Black = 52%.} 1-0

[Event "1st Goa GM Open 2018"]
[Site "Taleigao"]
[Date "2018.10.18"]
[Round "8"]
[White "Deshmukh, Anup"]
[Black "Rahman, Ziaur"]
[Result "*"]
[WhiteElo "2267"]
[BlackElo "2473"]
[Annotator "TA"]
[PlyCount "43"]
[EventDate "2018.10.13"]
[EventType "swiss"]
[EventCountry "IND"]
[SourceTitle "playchess.com"]
[Source "ChessBase"]
[SourceQuality "1"]

{[%evp 6,6,29]} 1. c4 e6 2. Nf3 d5 3. d4 Nf6 {Predecessor:} 4. Nc3 $146 c5 5. cxd5 Nxd5 6. e4 Nxc3 7. bxc3 cxd4 8. cxd4 Bb4+ 9. Bd2 Bxd2+ 10. Qxd2 O-O 11. Bc4 Nd7 12. O-O b6 13. Rad1 Bb7 14. Rfe1 Rc8 15. Bb3 Re8 16. h3 Nf6 17. Qf4 Nh5 18. Qh2 h6 19. d5 exd5 20. e5 g6 21. Nd4 Ng7 22. Nb5 {½-½ (54) Mamedyarov,S (2820)-Ding,L (2804) Batumi 2018} *

[Event "1st Goa GM Open 2018"]
[Site "Taleigao"]
[Date "2018.10.18"]
[Round "8"]
[White "Navalgund, Niranjan"]
[Black "Kravtsiv, Martyn"]
[Result "0-1"]
[WhiteElo "2245"]
[BlackElo "2654"]
[Annotator "TA"]
[PlyCount "116"]
[EventDate "2018.10.13"]
[EventType "swiss"]
[EventCountry "IND"]
[SourceTitle "playchess.com"]
[Source "ChessBase"]
[SourceQuality "1"]

{[%evp 17,116,8,22,0,0,0,0,0,0,-16,0,-43,-47,-53,-55,-63,-47,-62,-5,-6,-6,-12,-14,-23,-12,-40,-36,-63,-60,-51,-27,-35,-19,-19,-26,-27,-17,-525,-477,-516,-454,-422,-152,-260,-236,-757,-719,-885,-881,-1087,-992,-887,-837,-864,-841,-6410,-6406,-6410,-6398,-5509,-5485,-29954,-29955,-29977,-29981,-29980,-29982,-29982,-29983,-29983,-29984,-29984,-29985,-29986,-29982,-29982,-29983,-29983,-29984,-29987,-29985,-29989,-29989,-29989,-29990,-29990,-29989,-29989,-29989,-29989,-29989,-29992,-29988,-29989,-29989,-29991,-29992,-29992,-29993,-29996,-498]} 1. d4 Nf6 2. c4 e6 3. Nc3 Bb4 4. Nf3 b6 5. Qb3 c5 6. Bg5 {[%cal Bc1g5,Bg5h4,Bh4g3][%mdl 32]} h6 7. Bh4 g5 {E21: Nimzo-Indian: 4 Nf3} (7... Bb7 8. e3 O-O 9. Rd1 cxd4 10. Qxb4 Na6 11. Qa3 dxc3 12. Qxc3 Nc5 13. Be2 Nce4 14. Qd4 Qe7 15. O-O {½-½ (33) Vitiugov,N (2724)-Ganguly,S (2648) Doha 2015}) 8. Bg3 Ne4 9. e3 Nc6 {LiveBook: 5 Games. The position is equal.} 10. d5 Na5 11. Qc2 Bxc3+ 12. bxc3 Nxg3 13. hxg3 Ba6 14. dxe6 dxe6 15. Ne5 $146 ({Predecessor:} 15. Qe4) 15... Qc7 $1 {[%cal Rc7e5]} 16. Qa4+ Ke7 17. f4 Rad8 (17... Bb7 $1 $15) 18. Be2 $11 Bb7 19. Bf3 $1 Bxf3 20. gxf3 Qd6 {Strongly threatening ...Qd2+.} (20... Kf8 {feels hotter.} 21. Qc2 Nc6 22. Nxc6 Qxc6 23. Kf2 gxf4 24. exf4 h5) 21. Rd1 (21. Qc2 {seems wilder.} Nc6 22. Nxc6+ Qxc6 23. Kf2 gxf4 24. exf4 Qc7 25. Rad1) 21... Qxd1+ 22. Qxd1 Rxd1+ 23. Kxd1 gxf4 24. exf4 $15 {[%mdl 4096] Endgame KRN-KRN} Rh7 25. Ke2 f6 26. Ng4 Nxc4 27. Rxh6 $2 {[%mdl 8192]} (27. Nxh6 $11 Kf8 28. Rh4) 27... Rxh6 $19 28. Nxh6 $11 {[#] KN-KN} f5 $1 29. g4 Nd6 $2 (29... Kf6 $19 {has better winning chances.} 30. g5+ Kg7) 30. g5 {[#]} (30. a4 $17) 30... Kf8 $1 $19 31. Kd3 $2 (31. a4) 31... b5 32. Kc2 Kg7 33. Kd3 a5 34. Kc2 Nc4 35. Kd3 Nb6 36. Ng4 fxg4 37. fxg4 {KN-KP} Kg6 38. Ke4 Nd7 39. Kd3 a4 {[%cal Ba5a4,Ba4a3][%mdl 32] Black mates.} 40. Ke4 a3 41. Kd3 e5 42. fxe5 Nxe5+ 43. Ke4 b4 44. cxb4 cxb4 {KN-K3P} 45. Kd4 Nc6+ 46. Kc4 Kxg5 47. Kb3 Kxg4 {KN-KP} 48. Kc2 Kf4 49. Kb1 Ke4 50. Ka1 Kd3 51. Kb1 Na7 52. Ka1 Kc3 53. Kb1 b3 54. Ka1 bxa2 55. Kxa2 Kb4 56. Ka1 Kb3 57. Kb1 Nc6 58. Ka1 Nb4 {Precision: White = 49%, Black = 69%.} (58... Nd4 $142 59. Kb1 a2+ 60. Kc1 Kc3 61. Kd1 a1=Q#) 0-1

[Event "1st Goa GM Open 2018"]
[Site "Taleigao"]
[Date "2018.10.18"]
[Round "8"]
[White "Navalgund, Niranjan"]
[Black "Kravtsiv, Martyn"]
[Result "*"]
[WhiteElo "2245"]
[BlackElo "2654"]
[Annotator "TA"]
[PlyCount "30"]
[EventDate "2018.10.13"]
[EventType "swiss"]
[EventCountry "IND"]
[SourceTitle "playchess.com"]
[Source "ChessBase"]
[SourceQuality "1"]

{[%evp 9,9,-3]} 1. d4 Nf6 2. c4 e6 3. Nc3 Bb4 4. Nf3 b6 5. Qb3 {Predecessor:} c5 $146 6. Bg5 Bb7 7. e3 h6 8. Bh4 cxd4 9. Qxb4 Na6 10. Qa3 dxc3 11. Qxc3 Nc5 12. Nd2 O-O 13. f3 d6 14. Bxf6 Qxf6 15. Qxf6 gxf6 {0-1 (74) Yu,Y (2759)-Wang,H (2710) Tianjin 2018} *

[Event "1st Goa GM Open 2018"]
[Site "Taleigao"]
[Date "2018.10.18"]
[Round "8"]
[White "Gajwa Ankit"]
[Black "Idani, Pouya"]
[Result "0-1"]
[WhiteElo "2224"]
[BlackElo "2588"]
[Annotator "TA"]
[PlyCount "78"]
[EventDate "2018.10.13"]
[EventType "swiss"]
[EventCountry "IND"]
[SourceTitle "playchess.com"]
[Source "ChessBase"]
[SourceQuality "1"]

{[%evp 15,78,30,66,48,44,0,0,8,13,8,7,-33,-45,-45,-35,-97,-36,-50,-19,-26,-25,-27,-22,-31,-18,-100,-108,-107,-105,-103,-85,-93,-33,-50,-45,-45,-57,-106,-102,-97,-83,-81,-58,-77,-4,-54,0,-43,-53,-42,-25,-59,-58,-70,-5,-16,-9,-2,-8,-6,0,-548,-556,-1017,-1010]} 1. e4 Nc6 2. Nf3 d6 3. d4 Nf6 4. Nc3 g6 5. h3 Bg7 6. Be3 a6 {B00: Queen's Fianchetto Defence, Nimzowitsch Defence} (6... O-O 7. Qd2 a6 8. Bd3 e5 9. d5 Ne7 10. g4 c6 11. dxc6 bxc6 12. O-O-O d5 13. Nxe5 Nxe4 14. Bxe4 Bxe5 15. Bg2 {0-1 (27) Movsesian,S (2647)-Carlsen,M (2837) Riadh 2017}) 7. Qd2 b5 8. Bd3 O-O {LiveBook: 4 Games. White has an edge.} 9. O-O Bb7 10. a3 e5 11. dxe5 dxe5 12. Bc5 $146 ({Predecessor:} 12. Rfd1 Re8 13. Bg5 Nd4 {0-1 (58) Kardell,M (1953)-Hillarp Persson,T (2552) Vasteras 2014}) 12... Re8 13. Rfd1 Nd7 14. Be3 $1 Nd4 15. Nh2 (15. a4 $15) 15... h5 (15... Nc5 $17) 16. a4 $15 {[%cal Ra4b5]} b4 17. Nd5 a5 18. Bc4 Nc5 {[%cal Bd7c5,Bc5e6,Be6d4][%mdl 32]} 19. f3 Nce6 20. Bh6 (20. c3 $11 {keeps the balance.}) 20... Bxh6 $17 21. Qxh6 Nxc2 22. Nxb4 Ncd4 23. Nc2 Qf6 (23... c5 $17) 24. Nxd4 $15 Nxd4 25. Nf1 Ba6 26. Rac1 Bxc4 27. Rxc4 Red8 (27... Reb8 {is interesting.} 28. Qd2 Rb3 29. Kh1 Qb6 30. Qg5 Rxb2 31. Qxe5 Nxf3 32. Qc5 Nh4) 28. Qe3 Rab8 29. Rd2 Qb6 (29... Rb4 $17 30. Rxb4 axb4) 30. Kh2 Rd6 ({Better is} 30... Qa6 $15 31. Qc3 Re8) 31. Rf2 Rc6 32. Rxc6 Qxc6 33. Qg5 Qc5 $36 {[%mdl 2048] White is under pressure.} 34. Rd2 Rb6 ({Black should play} 34... Qd6 $15) 35. Ne3 $1 $11 {[%cal Re3d5] With the idea Nd5.} Rd6 36. Nd5 Qc1 {And now ...c6 would win.} 37. h4 c6 38. Ne7+ $2 {[%mdl 8192] [#]} (38. Nf6+ $1 $11 {and White has nothing to worry.} Kf8 39. Nh7+ Kg8 40. Nf6+ Kf8 41. Nh7+ Kg8 42. Nf6+) 38... Kf8 $1 $19 {( -> ...Nxf3+!)} 39. Rxd4 Qxg5 {Precision: White = 51%, Black = 47%.} 0-1

[Event "1st Goa GM Open 2018"]
[Site "Taleigao"]
[Date "2018.10.18"]
[Round "8"]
[White "Gajwa Ankit"]
[Black "Idani, Pouya"]
[Result "*"]
[WhiteElo "2224"]
[BlackElo "2588"]
[Annotator "TA"]
[PlyCount "29"]
[EventDate "2018.10.13"]
[EventType "swiss"]
[EventCountry "IND"]
[SourceTitle "playchess.com"]
[Source "ChessBase"]
[SourceQuality "1"]

{[%evp 8,8,66]} 1. e4 Nc6 2. Nf3 d6 3. d4 Nf6 4. Nc3 g6 {Predecessor:} 5. h3 $146 Bg7 6. Be3 O-O 7. Qd2 a6 8. Bd3 e5 9. d5 Ne7 10. g4 c6 11. dxc6 bxc6 12. O-O-O d5 13. Nxe5 Nxe4 14. Bxe4 Bxe5 15. Bg2 {0-1 (27) Movsesian,S (2647)-Carlsen,M (2837) Riadh 2017} *